Saltar ao contenido

Расчёт платы за размещение твердых коммунальных отходов

Методические указания разработаны в помощь студентам, выполняющим работы, связанные с расчетами платежей по обращению с твердыми коммунальными отходами (ТКО) в населенном пункте городского типа: вывоз ТКО, образующихся в многоквартирном доме (расчетная работа №1) и контейнеров для сбора и вывоза ТКО...

Descrición completa

Gardado en:
Detalles Bibliográficos
Autor Principal: Хабарова Е. И.
Outros autores: Стребкова М. В., Никитина С. В.
Formato: Книга
Idioma:Russian
Publicado: Москва РТУ МИРЭА 2021
Acceso en liña:https://e.lanbook.com/book/226607
https://e.lanbook.com/img/cover/book/226607.jpg
Метки: Engadir etiqueta
Sen Etiquetas, Sexa o primeiro en etiquetar este rexistro!
LEADER 02240nam0a2200277 i 4500
001 226607
003 RuSpLAN
005 20221220174153.0
008 221220s2021 ru gs 000 0 rus
040 |a RuSpLAN 
041 0 |a rus 
044 |a ru 
080 |a 67.08 
084 |a Н941.4  |2 rubbk 
245 0 0 |a Расчёт платы за размещение твердых коммунальных отходов  |c Хабарова Е. И.,Стребкова М. В.,Никитина С. В. 
260 |a Москва  |b РТУ МИРЭА  |c 2021 
300 |a 38 с. 
504 |a Библиогр.: доступна в карточке книги, на сайте ЭБС Лань 
520 8 |a Методические указания разработаны в помощь студентам, выполняющим работы, связанные с расчетами платежей по обращению с твердыми коммунальными отходами (ТКО) в населенном пункте городского типа: вывоз ТКО, образующихся в многоквартирном доме (расчетная работа №1) и контейнеров для сбора и вывоза ТКО (расчетная работа №2). Предназначено для студентов, обучающихся по направлениям 04.03.01. «Химия», 18.03.01 «Химическая технология», 19.03.01 «Биотехнология», 20.03.01 «Техносферная безопасность», 22.03.01 «Материаловедение и технологии материалов» и осваивающих дисциплину «Экология» Методические указания издаются в авторской редакции 
521 8 |a Книга из коллекции РТУ МИРЭА - Инженерно-технические науки 
100 1 |a Хабарова Е. И. 
700 1 |a Стребкова М. В. 
700 1 |a Никитина С. В. 
856 4 |u https://e.lanbook.com/book/226607 
856 4 8 |u https://e.lanbook.com/img/cover/book/226607.jpg 
953 |a https://e.lanbook.com/img/cover/book/226607.jpg 
Cannot write session to /tmp/vufind_sessions/sess_eqbmghmo6ujm4t0cn73ami1dpp